South Eastern Kenya University

Library Online Public Access Catalogue


Applied science level 2 : (Record no. 17214)

MARC details
000 -LEADER
fixed length control field 00658nam a22002177a 4500
003 - CONTROL NUMBER IDENTIFIER
control field OSt
005 - DATE AND TIME OF LATEST TRANSACTION
control field 20190121112814.0
008 - FIXED-LENGTH DATA ELEMENTS--GENERAL INFORMATION
fixed length control field 190121b ||||| |||| 00| 0 eng d
020 ## - INTERNATIONAL STANDARD BOOK NUMBER
International Standard Book Number 9781846905797
040 ## - CATALOGING SOURCE
Original cataloging agency SEKU
050 ## - LIBRARY OF CONGRESS CALL NUMBER
Classification number Q 182
Item number .A67
110 ## - MAIN ENTRY--CORPORATE NAME
Corporate name or jurisdiction name as entry element Edexcel Limited.
245 ## - TITLE STATEMENT
Title Applied science level 2 :
Remainder of title BTEC First study skills guide, getting the most out of your BTEC /
Statement of responsibility, etc. Edexcel Limited.
260 ## - PUBLICATION, DISTRIBUTION, ETC. (IMPRINT)
Place of publication, distribution, etc. Essex :
Name of publisher, distributor, etc. Pearson Education Limited,
Date of publication, distribution, etc. 2010.
300 ## - PHYSICAL DESCRIPTION
Extent 100 p. :
Other physical details ill.
650 ## - SUBJECT ADDED ENTRY--TOPICAL TERM
Topical term or geographic name as entry element Technology
General subdivision Examinations
650 ## - SUBJECT ADDED ENTRY--TOPICAL TERM
Topical term or geographic name as entry element Science
General subdivision Examinations
650 ## - SUBJECT ADDED ENTRY--TOPICAL TERM
Topical term or geographic name as entry element Technology
650 ## - SUBJECT ADDED ENTRY--TOPICAL TERM
Topical term or geographic name as entry element Science
General subdivision Study and teaching
942 ## - ADDED ENTRY ELEMENTS (KOHA)
Source of classification or shelving scheme Library of Congress Classification
Koha item type General circulation
Holdings
Withdrawn status Lost status Source of classification or shelving scheme Damaged status Not for loan Home library Current library Shelving location Date acquired Source of acquisition Total Checkouts Full call number Barcode Date last seen Price effective from Koha item type
    Library of Congress Classification     Main Campus Library Main Campus Library General Stacks 21/01/2019 Donation- Book Aid   Q 182 .A67 2018/020075 21/01/2019 21/01/2019 General circulation
    Library of Congress Classification     Main Campus Library Main Campus Library General Stacks 21/01/2019 Donation- Book Aid   Q 182 .A67 2018/020078 21/01/2019 21/01/2019 General circulation
Kitui, Kenya.
+254736116989
library@seku.ac.ke